Statistiques concernant Répartition des arbres forestiers du Canada en volume sur un dessin

Cliquez ici pour prendre le quiz!

Statistiques générales

  • Ce quiz a été pris 43 fois
  • Le résultat moyen est 5 sur 8

Réponses sur la Carte

Les réponses sont colorées sur une échelle allant du rouge au vert en fonction du pourcentage des utilisateurs qui les ont devinées à leur premier essai. Vous pouvez retrouver ces pourcentages ci-dessous.
 

Statistiques - réponses

Réponse% Correct
Sapin
100%
Tsuga/Pruche
100%
Pin
86%
Érable
67%
Épinette/Épicéa
57%
Bouleau
55%
Douglas
43%
Peuplier
24%

Distribution des résultats

Percentile par nombre de réponses

% des personnes avec chaque résultat

Votre développement - résultats

Vous n’avez pas pris ce quiz